|
|
|
|
| LEADER |
00000nam0a2200000 4500 |
| 001 |
321866 |
| 005 |
20231102003422.0 |
| 035 |
|
|
|a (RuTPU)RU\TPU\book\347422
|
| 090 |
|
|
|a 321866
|
| 100 |
|
|
|a 20160907d1889 m y0rusy50 ca
|
| 101 |
0 |
|
|a rus
|
| 102 |
|
|
|a RU
|
| 105 |
|
|
|a y z 000ay
|
| 200 |
1 |
|
|a Сочинения Глеба Успенского
|e в 2 т.
|h Т. 2
|f Г. И. Успенский
|
| 205 |
|
|
|a 2-е изд., доп.
|
| 210 |
|
|
|a Санкт-Петербург
|c Издание Ф. Павленкова
|c Типография Ю. Н. Эрлих
|c Типография А. Траншеля
|d 1889
|
| 215 |
|
|
|a 1255 с.
|
| 300 |
|
|
|a Нумерация страниц в двойной пагинации
|
| 300 |
|
|
|a Текст в русской дореформенной орфографии
|
| 316 |
|
|
|5 63413507: М-132294
|a На титульном листе владельческая подпись: "Бутаков"
|
| 317 |
|
|
|5 63413507: М-132294
|a Поступила в НТБ в 1970 г. в составе книжного собрания профессора ТПИ И. Н. Бутакова
|
| 606 |
1 |
|
|a Русская литература, дореволюционная
|2 stltpush
|3 (RuTPU)RU\TPU\subj\26371
|9 50314
|
| 610 |
1 |
|
|a 19 век
|
| 610 |
1 |
|
|a владельческая надпись
|
| 610 |
1 |
|
|a библиотека И. Н. Бутакова
|
| 610 |
1 |
|
|a литературное наследие
|
| 610 |
1 |
|
|a очерки и рассказы
|
| 610 |
1 |
|
|a письма
|
| 610 |
1 |
|
|a статьи
|
| 610 |
1 |
|
|a проза
|
| 675 |
|
|
|a Р1
|v 4
|
| 700 |
|
1 |
|a Успенский
|b Г. И.
|c русский писатель
|f 1843-1902
|g Глеб Иванович
|2 stltpush
|3 (RuTPU)RU\TPU\pers\20188
|9 8034
|
| 801 |
|
1 |
|a RU
|b 63413507
|c 20160907
|
| 801 |
|
2 |
|a RU
|b 63413507
|c 20190725
|g RCR
|
| 942 |
|
|
|c BK
|